LEADER 04612nam 2200697 a 450 001 9910146108403321 005 20220318183736.0 010 $a1-282-02224-5 010 $a9786612022241 010 $a0-470-45632-9 010 $a0-470-45631-0 035 $a(CKB)1000000000722963 035 $a(EBL)427671 035 $a(OCoLC)476269848 035 $a(SSID)ssj0000097625 035 $a(PQKBManifestationID)11131163 035 $a(PQKBTitleCode)TC0000097625 035 $a(PQKBWorkID)10115969 035 $a(PQKB)10097035 035 $a(MiAaPQ)EBC427671 035 $a(EXLCZ)991000000000722963 100 $a20090715d2009 uy 0 101 0 $aeng 135 $aur|n|---||||| 181 $ctxt 182 $cc 183 $acr 200 10$aAdvanced ceramic coatings and interfaces$b[electronic resource]$hIII $ea collection of papers presented at the 32nd International Conference on Advanced Ceramics and Composites, January 27-February 1, 2008, Daytona Beach, Florida /$feditors Hua-Tay Lin, Dongming Zhu ; volume editors, Tatsuki Ohji, Andrew Wereszczak 210 $aHoboken, N.J. $cJohn Wiley & Sons, Inc.$d2009 215 $a1 online resource (184 p.) 225 1 $aCeramic engineering and science proceedings ;$vv. 29, issue 4 300 $a"The symposium on Advanced Ceramic Coatings for Structural, Environmental and Functional Applications was held during the ... 32nd International Conference on Advanced Ceramics and Composites, January 2[7]-February 1, 2008"--P. vii. 311 $a0-470-34495-4 320 $aIncludes bibliographical references and index. 327 $aAdvanced Ceramic Coatings and Interfaces III; Contents; Preface; Introduction; DAMPING AND EROSION COATINGS; Coatings for Enhanced Passive Damping; Ceramic Damping Coatings: Evaluating Their Effectiveness and Predicting Added Damping; Deterioration and Retention of Coated Turbomachinery Blading; Large Area Filtered Arc and Hybrid Coating Deposition Technologies for Erosion and Corrosion Protection of Aircraft Components; COATINGS TO RESIST WEAR AND TRIBOLOGICAL LOADINGS; Deposition and Characterization of Diamond Protective Coatings on WC-Co Cutting Tools 327 $aFriction and Wear Behavior of Zirconia Ceramic Materials NANOSTRUCTURED COATINGS; Cerium Oxide Thin Films via Ion Assisted Electron Beam Deposition; Formation of Nanocrystalline Diamond Thin Films on Ti3SiC2 by Hot Filament Chemical Vapor Deposition; THERMAL BARRIER COATING PROCESSING, DEVELOPMENT AND MODELING; Process and Equipment for Advanced Thermal Barrier Coatings; Corrosion Resistant Thermal Barrier Coating Materials for Industrial Gas Turbine Applications; Damage Prediction of Thermal Barrier Coating by Growth of TGO Layer 327 $aYoung's Modulus and Thermal Conductivity of Nanoporous YSZ Coatings Fabricated by EB-PVD Influence of Porosity on Thermal Conductivity and Sintering in Suspension Plasma Sprayed Thermal Barrier Coatings; Numerical Investigation of Impact and Solidification of YSZ Droplets Plasma-Sprayed onto a Substrate: Effect of Thermal Properties and Roughness; Author Index 330 $aThis volume provides a one-stop resource, compiling current research on ceramic coatings and interfaces. It is a collection of papers from The American Ceramic Society s 32nd International Conference on Advanced Ceramics and Composites, January 27-February 1, 2008. Papers include developments and advances in ceramic coatings for structural, environmental, and functional applications. Articles are logically organized to provide insight into various aspects of ceramic coatings and interfaces. This is a valuable, up-to-date resource for researchers in industry, government, or academia who work in 410 0$aCeramic engineering and science proceedings ;$vv. 29, no. 4. 606 $aCeramic coating$vCongresses 606 $aComposite materials$vCongresses 606 $aCeramic materials$vCongresses 608 $aElectronic books. 615 0$aCeramic coating 615 0$aComposite materials 615 0$aCeramic materials 676 $a620.14 676 $a620.1404 701 $aLin$b Hua-Tay$0867103 701 $aZhu$b Dongming$0854276 701 $aOhji$b T$g(Tatsuki)$0856396 701 $aWereszczak$b Andrew$0873986 712 02$aAmerican Ceramic Society. 712 12$aInternational Conference on Advanced Ceramics and Composites 801 0$bMiAaPQ 801 1$bMiAaPQ 801 2$bMiAaPQ 906 $aBOOK 912 $a9910146108403321 996 $aAdvanced ceramic coatings and interfaces$92196734 997 $aUNINA LEADER 09012nam 22006975 450 001 9910544860403321 005 20251225212310.0 010 $a3-030-95947-3 024 7 $a10.1007/978-3-030-95947-0 035 $a(MiAaPQ)EBC6889626 035 $a(Au-PeEL)EBL6889626 035 $a(CKB)21251137300041 035 $a(DE-He213)978-3-030-95947-0 035 $a(PPN)260826553 035 $a(EXLCZ)9921251137300041 100 $a20220215d2022 u| 0 101 0 $aeng 135 $aurcnu|||||||| 181 $ctxt$2rdacontent 182 $cc$2rdamedia 183 $acr$2rdacarrier 200 10$aInformation Systems $e18th European, Mediterranean, and Middle Eastern Conference, EMCIS 2021, Virtual Event, December 8?9, 2021, Proceedings /$fedited by Marinos Themistocleous, Maria Papadaki 205 $a1st ed. 2022. 210 1$aCham :$cSpringer International Publishing :$cImprint: Springer,$d2022. 215 $a1 online resource (764 pages) 225 1 $aLecture Notes in Business Information Processing,$x1865-1356 ;$v437 311 08$aPrint version: Themistocleous, Marinos Information Systems Cham : Springer International Publishing AG,c2022 9783030959463 327 $aBig Data and Analytics -- Phi: A Generic Microservices-based Big Data Architecture -- Designing Monitoring Systems for Complex Event Processing in Big Data Contexts -- Evaluation of Machine Learning Methods for the Experimental Classification and Clustering of Higher Education Institutions -- Multi-Language Sentiment Analysis ? Lesson Learnt from NLP Case Study -- Modeling User Engagement Profiles for Detection of Digital Subscription Propensity -- Using result profiles to drive meta-learning -- Blockchain Technology and Applications -- Computation of Blockchain Readiness Under Partial Information -- Blockchain Application in Luxury Brand Strategy: What Does Blockchain Technology Mean to Luxury Brands? -- Exploring the Need for Blockchain-based National Population Census -- Blockchain Applications in Smart Grid - a Review and a Case Study -- EXPLORING ICOs PHENOMENON: Developing a Taxonomy of academic and not academic discourse -- How decentralized is decentralized governance really?- A Network Analysis of ERC20 Platforms -- Using a Hybrid Approach of Game Design, Blockchain Technology and Learning Analytics in Higher Education Institutions: A Case Study of the British University in Dubai -- Blockchain Technology and Waste Management: A Systematic Literature Review -- Cloud Computing -- The Adoption of Cloud Computing in South Africa?s Oil and Gas Industry -- A Semantic driven Approach for Efficient Cloud Service Composition -- Digital Governance -- Digital transformation strategy in the public sector: Evaluating e-government IS and user satisfaction -- Towards Smart Cities 4.0: Digital Participation in Smart Cities Solutions and the use of Disruptive Technologies -- E-GovSTP: An E-Government model for a small island state, the case of Sao Tome and Principe -- Mobile Government Service Delivery Challenges in Municipalities -- Digital Services and Social Media -- Why do people not install Corona-Warn-App? Evidence from social media -- "User Perception of Algorithmic DigitalMarketing in Conditions of Scarcity" -- The Influence of Locus of Control in the Actualisation of Mobile Dating Applications Affordances to Mitigate Privacy and Security Concerns -- Technology acceptance of MS Teams among university teachers during COVID-19 -- Sense of presence in VR mobile application -- Positive Online Customer Experience as an Antecedent of the Willingness to Share Information with an E-Commerce Retailer -- Introducing Sentient Requirements for Information Systems and Digital Technologies -- Emerging Computing Technologies and Trends for Business Process Management -- Counterfactual Explanations for Predictive Business Process Monitoring -- Factors that Affects the Use of AI Agents for Adaptive Learning: A Sociomaterial and Mcdonaldization Approach to the Higher Education Sector -- Artificial intelligence in the innovation process - do we pay attention to this participant in innovative projects? -- Healthcare Information Systems -- Assessment ofMachine Learning Classifiers for Heart Diseases Discovery -- Technology Acceptance Model for Business Intelligence applications: Digital Transformation Approach to Public Hospitals Environment -- Health is Wealth: A Conceptual Overview of Virtual Healthcare & Future Research Directions [1995 ? 2021] -- Using 3D-technology to support facial treatment -- Online Health Communities: The Impact of AI Conversational Agents on Users -- Information Systems Security and Information Privacy Protection -- GDPR-compliant Data Processing: Practical Considerations -- Naïve Bayes Based Classifier for Credit Card Fraud Discovery -- Investigating cyber security awareness among preservice teachers during COVID-19 pandemic -- Diversity of Students' Unethical Behaviors in Online Learning Amid COVID-19 Pandemic: An Exploratory Analysis -- An Empirical Investigation of Agile Information Systems Development for Cybersecurity -- Innovative Research Projects -- Increasing the security of smart cities of thefuture thanks to UWB technology -- Exploring the impacts of Artificial Intelligence (AI) implementation at individual and team levels: A case study in the UAE government sector -- IT Governance and Alignment -- Smart Government and Smart Citizens as a Smart Cities Building Blocks. A Survey -- Management and Organisational Issues in Information Systems -- ICT and Creativity: How ICT Impacts Creativity in a Saudi University -- Democratizing Enterprise AI Success Factors and Challenges: A Systematic Literature Review & a Proposed Framework -- Organizational Aspects in Achieving a Successful Digital Transformation: Case of an ERP System Change -- Understanding Well-being in Virtual Teams: A Comparative Case Study -- Technology as driver, enabler and barrier of digital transformation: A review -- Towards a New Value Chain for the Audio Industry -- Knowledge management significance in agile organization in lights of COVID-19 pandemic changes -- An Agile Approach for Managing Microservices-based Software Development: Case Study in FinTech -- The Continued Innovation-Decision Process ? A Case Study Research of Continued Robotic Process Automation Adoption -- The Role of Agile Pockets in Agile Transformation. 330 $aThis book constitutes selected papers from the 18th European, Mediterranean, and Middle Eastern Conference, EMCIS 2021, which took place during December 8-9, 2021. The conference was initially planned to take place in Dubai, UAE, but had to change to an online event due to the COVID-19 pandemic. EMCIS covers technical, organizational, business, and social issues in the application of information technology and is dedicated to the definition and establishment of Information Systems (IS) as a discipline of high impact for IS professionals and practitioners. It focuses on approaches that facilitate the identification of innovative research of significant relevance to the IS discipline following sound research methodologies that lead to results of measurable impact. The 54 full papers presented in this volume were carefully reviewed and selected from a total of 155 submissions. They were organized in topical sections named: Big Data and Analytics; Blockchain Technology and Applications; Cloud Computing; Digital Governance; Digital Services and Social Media; Emerging Computing Technologies and Trends for Business Process Management; Healthcare Information Systems; Information Systems security and Information Privacy Protection; Innovative Research Projects; IT Governance and Alignment; and Management and Organisational Issues in Information Systems. 410 0$aLecture Notes in Business Information Processing,$x1865-1356 ;$v437 606 $aApplication software 606 $aBusiness information services 606 $aComputer security 606 $aMedical informatics 606 $aElectronic data processing$xManagement 606 $aComputer and Information Systems Applications 606 $aIT in Business 606 $aPrinciples and Models of Security 606 $aHealth Informatics 606 $aIT Operations 615 0$aApplication software. 615 0$aBusiness information services. 615 0$aComputer security. 615 0$aMedical informatics. 615 0$aElectronic data processing$xManagement. 615 14$aComputer and Information Systems Applications. 615 24$aIT in Business. 615 24$aPrinciples and Models of Security. 615 24$aHealth Informatics. 615 24$aIT Operations. 676 $a005.7 676 $a005.7 702 $aThemistocleous$b Marinos 702 $aPapadake?$b Maria 801 0$bMiAaPQ 801 1$bMiAaPQ 801 2$bMiAaPQ 906 $aBOOK 912 $a9910544860403321 996 $aInformation systems$9893226 997 $aUNINA